| 000 | 00486nam a2200193Ia 4500 | ||
|---|---|---|---|
| 005 | 20250326141828.0 | ||
| 008 | 250326s9999 xx 000 0 und d | ||
| 037 | _aTextbook | ||
| 040 |
_aFMSL _beng _cFMSL |
||
| 041 |
_aeng _2eng |
||
| 084 | _qFMSL | ||
| 100 |
_aCherunilam F _9737324 |
||
| 245 | 0 |
_aBusiness environment _cCherunilam F |
|
| 250 | _a4th | ||
| 260 |
_aBombay _bBombay, Himalaya Pub. House _c1985 |
||
| 300 | _a663p | ||
| 942 | _cTB | ||
| 999 |
_c1292170 _d1292170 |
||